000
00293nam a2200109Ia 4500
005
20251222154358.0
008
251222s9999||||xx |||||||||||||| ||spa||
082
_a
338.985.51/I49
100
_a
"Indacochea Cáceda, Alejandro"
245
0
_a
Junín competitivo: El Valle del Mantaro
942
_c
LIB
999
_c
35177
_d
35177